| 000 | 00552 a2200157 4500 | ||
|---|---|---|---|
| 003 | NUST | ||
| 038 | _aAtta | ||
| 082 | _aBIT-4 | ||
| 100 |
_aM. Hayyan Khan _992219 |
||
| 245 | _aDevelopment of An ERP System for MS Cavalier Enterprises (Pvt) | ||
| 260 |
_a Isalamabad, _bNUST School of Electrical Engineering & Computer Science, _c2006. |
||
| 300 |
_aiv, 64 p. _b : ill. _c; 27 cm. + _eCD-ROM |
||
| 500 | _aSupervisors : Mr. Muhammad Atif, Wg. Cdr. Ramazan. | ||
| 856 | _uhttp://10.250.8.41:8080/xmlui/handle/123456789/11485 | ||
| 942 |
_cPR _kBIT-4 HAY _2ddc |
||
| 999 |
_c9364 _d9364 |
||